Sports Quiz

Random Sports or Clickable Quiz

8 to 1: Big 4 Cities Quiz Stats

 Plays Quiz Updated Oct 28, 2017

Score 0/36 Timer 08:00
9 Plays Today
% Correct
Yankees (MLB)
96.3%
Giants (NFL)
95%
Knicks (NBA)
94.9%
Jets (NFL)
94.2%
Mets (MLB)
94.1%
Lakers (NBA)
92.7%
49ers (NFL)
91.8%
Bulls (NBA)
91.1%
Cubs (MLB)
90.6%
Bears (NFL)
90.5%
Seahawks (NFL)
90.4%
Steelers (NFL)
89.8%
Dodgers (MLB)
89.6%
Nets (NBA)
89.5%
Rangers (NHL)
89.4%
Angels (MLB)
89.2%
Clippers (NBA)
88.8%
Lions (NFL)
88.1%
% Correct
Islanders (NHL)
88.1%
Penguins (NHL)
87.7%
Pistons (NBA)
87.3%
Pirates (MLB)
87.1%
White Sox (MLB)
86.6%
Blackhawks (NHL)
85.9%
Red Wings (NHL)
85.7%
Giants (MLB)
85.6%
Tigers (MLB)
84.8%
Warriors (NBA)
84.7%
Rams (NFL)
84.4%
Athletics (MLB)
84.3%
Mariners (MLB)
83.8%
Raiders (NFL)
83.5%
Kings (NHL)
82.8%
Senators (NHL)
81.7%
Chargers (NFL)
80.6%
Sharks (NHL)
77%

You're not logged in!

Compare scores with friends on all Sporcle quizzes.
OR
Log In

You Might Also Like...

Show Comments

Extras

Top Quizzes Today


Score Distribution

Your Account Isn't Verified!

In order to create a playlist on Sporcle, you need to verify the email address you used during registration. Go to your Sporcle Settings to finish the process.

Report this User

Report this user for behavior that violates our Community Guidelines.

Details: